Consumer demand for rice grain quality terminal report of IDRC projects, national grain quality (Asia), and international grain quality economics (Asia)

The economics of rice grain quality were studied during 1987-89. An analysis of consumer panel data in the Philippines and Indonesia, and insight into how consumers choose and value rice grain quality, are provided. Retail surveys from Bangladesh, Malaysia, the Philippines and Thailand give a compre...

وصف كامل

محفوظ في:
التفاصيل البيبلوغرافية
التنسيق: كتاب
اللغة:Undetermined
منشور في: Manila, Philippines International Rice Research Institute 1992
الموضوعات:
الوسوم: إضافة وسم
لا توجد وسوم, كن أول من يضع وسما على هذه التسجيلة!
Thư viện lưu trữ: Trung tâm Học liệu Trường Đại học Cần Thơ
LEADER 01363nam a2200217Ia 4500
001 CTU_123045
008 210402s9999 xx 000 0 und d
082 |a 338.17318 
082 |b C755 
245 0 |a Consumer demand for rice grain quality 
245 0 |b terminal report of IDRC projects, national grain quality (Asia), and international grain quality economics (Asia) 
245 0 |c Edited by L. J. Unnevehr, B. Duff, B. O. Juliano 
260 |a Manila, Philippines 
260 |b International Rice Research Institute 
260 |c 1992 
520 |a The economics of rice grain quality were studied during 1987-89. An analysis of consumer panel data in the Philippines and Indonesia, and insight into how consumers choose and value rice grain quality, are provided. Retail surveys from Bangladesh, Malaysia, the Philippines and Thailand give a comprehensive picture of the variance in rice quality and rice preference across Asia. The question how well consumer preferences are translated into incentives at farm level is addressed. Studies of rice mills and market efficiency in Indonesia and the Philippines show how well the market transmits quality signals 
650 |a Rice trade,Rice,Consumers’ preferences 
650 |x Quality 
650 |z Asia,Asia 
904 |i M.Loan, Huỳnh Mai 
980 |a Trung tâm Học liệu Trường Đại học Cần Thơ